Animal Farm Quotes - Statistics

General Stats
  • This quiz has been taken 58 times
  • The average score is 7 of 12
Answer Stats
Quote Answer % Correct
I will work harder! Boxer
92%
Man is the only real enemy we have. Old Major
69%
Four legs good! Two legs bad! the sheep
69%
Napoleon is always right. Boxer
67%
Surely, comrades, there is no one among you who wants to see Jones come back? Squealer
65%
Up there comrades... lies Sugarcandy Mountain! Moses
58%
They are taking Boxer to the knacker's! Benjamin
54%
To the prosperity of The Manor Farm! Napoleon
54%
Four legs good! Two legs better! the sheep
48%
No sentimentality comrade! Snowball
42%
Bravery is not enough. Loyalty and obedience are more important. Squealer
35%
If you have your lower animals to contend with, we have our lower classes! Mr. Pilkington
25%
No matching quizzes found
Score Distribution
Percent of People with Each Score
Percentile by Number Answered
Your Score History
You have not taken this quiz